Small is beautifull : A study of economics as if people mattered
Wedi'i Gadw mewn:
| Prif Awdur: | |
|---|---|
| Fformat: | Llyfr |
| Iaith: | Undetermined |
| Cyhoeddwyd: |
London
Blond and Briggs
1973
|
| Pynciau: | |
| Tagiau: |
Ychwanegu Tag
Dim Tagiau, Byddwch y cyntaf i dagio'r cofnod hwn!
|
| Thư viện lưu trữ: | Trung tâm Học liệu Trường Đại học Cần Thơ |
|---|
| LEADER | 00492nam a2200181Ia 4500 | ||
|---|---|---|---|
| 001 | CTU_78040 | ||
| 008 | 210402s9999 xx 000 0 und d | ||
| 082 | |a 330 | ||
| 082 | |b S392 | ||
| 100 | |a Schumacher, E. F. | ||
| 245 | 0 | |a Small is beautifull : | |
| 245 | 2 | |b A study of economics as if people mattered | |
| 245 | 0 | |c E. F. Schumacher | |
| 260 | |a London | ||
| 260 | |b Blond and Briggs | ||
| 260 | |c 1973 | ||
| 650 | |a Economics | ||
| 980 | |a Trung tâm Học liệu Trường Đại học Cần Thơ | ||